000 00437nam a2200169Ia 4500
005 20250326125548.0
008 250326s9999 xx 000 0 und d
037 _aTextbook
040 _aFMSL
_beng
_cFMSL
041 _aeng
_2eng
084 _aX:5.5 L0
_qFMSL
245 0 _aGermany in Europe
260 _aNY
_bNY, German Information Center
_c1970
300 _a38p
942 _cTB
_hX:5.5 L0
999 _c1278589
_d1278589